000 00562nam a22002057a 4500
003 OSt
005 20140310182825.0
008 130528t xxu||||| |||| 00| 0 eng d
020 _a9780762441013
050 _aPN 686
_b.M847 2011
082 _aM 398.4
_bM848 2011
245 _aA brief history of the Holy Grail
_bHistory, Myth, Religion
_cMorgan, Giles
260 _aPhiladelphia
_bRunning Press
_cc2011
300 _a164 p.
_bmap
_c20 cm.
521 _aCollege students
526 _c1210L-1700L
541 _j1
562 _e1
942 _2lcc
_cBK
_kM
999 _c16468
_d16468